The Message of Romans : (Record no. 1268)

MARC details
000 -LEADER
fixed length control field 00880cam a22002292 4500
001 - CONTROL NUMBER
control field 0000021573
005 - DATE AND TIME OF LATEST TRANSACTION
control field 20151021151142.0
008 - FIXED-LENGTH DATA ELEMENTS--GENERAL INFORMATION
fixed length control field 120720s xx 000 0 eng d
040 ## - CATALOGING SOURCE
Original cataloging agency KABU
Transcribing agency KABU
100 1# - MAIN ENTRY--PERSONAL NAME
Personal name Bussey, Martin K.
-- 0000149329
245 14 - TITLE STATEMENT
Title The Message of Romans :
Remainder of title a commentary for the church in Africa today /
Statement of responsibility, etc. by Martin K. Bussey.
260 ## - PUBLICATION, DISTRIBUTION, ETC. (IMPRINT)
Place of publication, distribution, etc. Kenya :
Name of publisher, distributor, etc. ACTs,
Date of publication, distribution, etc. c1997.
300 ## - PHYSICAL DESCRIPTION
Extent 133 p.
630 00 - SUBJECT ADDED ENTRY--UNIFORM TITLE
Uniform title Bible. N.T. Romans
General subdivision Commentaries.
-- 0000149330
908 ## - PUT COMMAND PARAMETER (RLIN)
Put command parameter 120720
950 ## - LOCAL HOLDINGS (RLIN)
-- 1
Holdings
Withdrawn status Lost status Source of classification or shelving scheme Not for loan Home library Current library Date acquired Total Checkouts Full call number Barcode Date last seen Price effective from Koha item type
    Library of Congress Classification   Kabarak, Nakuru City Campus Kabarak, Nakuru City Campus 21/10/2015   BS2665.3 .B87 1997 c. 1 014372 21/10/2015 21/10/2015 General Collection
    Library of Congress Classification   Kabarak, Nakuru City Campus Kabarak, Nakuru City Campus 21/10/2015   BS2665.3 .B87 1997 c. 2 014354 21/10/2015 21/10/2015 General Collection
    Library of Congress Classification   Kabarak, Nakuru City Campus Kabarak, Nakuru City Campus 21/10/2015   BS2665.3 .B87 1997 c. 3 014355 21/10/2015 21/10/2015 General Collection
    Library of Congress Classification   Kabarak, Nakuru City Campus Kabarak, Nakuru City Campus 21/10/2015   BS2665.3 .B87 1997 c. 4 014356 21/10/2015 21/10/2015 General Collection
    Library of Congress Classification   Kabarak, Nakuru City Campus Kabarak, Nakuru City Campus 21/10/2015   BS2665.3 .B87 1997 c. 5 014357 21/10/2015 21/10/2015 General Collection
Designed with assistance from East African Informatics Ltd